[Event "Charlotte Spring IM Invitational 2021"]
[Site "Charlotte"]
[Date "2021.03.19"]
[Round "4.5"]
[White "Vijay, Keerthi K."]
[Black "Chasin, Nico"]
[Result "1-0"]
[WhiteElo "2260"]
[BlackElo "2293"]
[Annotator "TA"]
[PlyCount "83"]
[EventDate "2021.03.17"]
[EventType "tourn"]
[EventCountry "USA"]
[SourceTitle "playchess.com"]
[Source "ChessBase"]
[SourceQuality "1"]

{[%evp 11,83,13,32,20,30,-7,0,-14,0,0,0,0,41,38,132,110,144,99,91,89,100,31,51,31,33,50,72,48,110,115,195,167,204,121,105,107,113,39,119,74,83,70,62,23,129,39,464,239,237,81,78,83,297,306,461,474,689,679,682,621,681,677,871,854,1471,1459,2402,2291,6464,6913,5377,1262,29989,29990]} 1. e4 c5 2. Nf3 e6 3. b3 Nf6 4. e5 Nd5 5. Bb2 Nc6 6. c4 Nf4 7. g3 {B40: Sicilian: 2...e6, Unusual lines.} Ng6 8. Qe2 Be7 {[#]} 9. h4 $146 {The position is equal.} ({Predecessor:} 9. Bg2 f6 10. exf6 Bxf6 11. Bxf6 Qxf6 12. Nc3 O-O 13. O-O d6 14. Rad1 e5 15. Nd5 {1-0 (53) Dvalishvili,P (2439)-Reshetnikov,A (2498) Moscow 2014}) 9... f6 10. exf6 Bxf6 11. Nc3 Nd4 12. Nxd4 cxd4 (12... Bxd4 $14 13. O-O-O O-O) 13. Ne4 $1 $16 O-O 14. h5 Ne5 {Black wants to play ...d3.} 15. f4 $36 {[%mdl 2048] Keeping Black busy.} Nc6 {And now ...d3! would win.} 16. O-O-O (16. h6 $16) 16... Be7 $1 $14 17. h6 g6 18. d3 Rb8 19. Kb1 d5 (19... a5 $14) 20. Nf2 $16 b5 (20... Qd6 $16) 21. cxd5 exd5 22. Bh3 (22. Rc1 $18 Rb6 23. Bg2) 22... Bxh3 23. Nxh3 {aiming for Qe6+.} Qd7 24. Nf2 (24. g4 $16) 24... a5 (24... Bb4 $14) 25. Rhe1 Kf7 26. Rc1 {Rxc6! is the strong threat.} Bb4 {Hoping for ...Rbe8.} 27. Rf1 Rfe8 (27... Kg8 $11 {remains equal.}) 28. Qg4 (28. Qf3 $16) 28... Ke7 $2 {[%mdl 8192]} (28... Qxg4 $14 29. Nxg4 Rbc8) 29. Qg5+ (29. f5 $142) 29... Kd6 $18 30. Ng4 $2 (30. a3 $6 Bd2 $14) (30. f5 $1 $18 {is the precise move to win.} Qe7 31. Qf4+ Qe5 32. fxg6 Qxf4 33. gxf4) 30... Qf5 $16 {[#]} 31. Ne5 $1 {[%csl Ge5][%cal Rc1c6]} Ne7 (31... Rbc8 $16) 32. Bxd4 $18 Rbc8 (32... Ba3 {might work better.} 33. Rc2 Rf8 34. Qxf5 Nxf5) 33. g4 (33. Qh4 Rxc1+ 34. Rxc1 Ba3 $18) 33... Rxc1+ (33... Qxg5 $142 34. Nf7+ Kd7 35. Nxg5 (35. fxg5 Rxc1+ 36. Kxc1 Nc6 $11) 35... Ng8 36. Nxh7 Re2 37. Rxc8 Kxc8 38. Rc1+ Kb7) 34. Rxc1 Qxg5 {[#]} 35. Nf7+ $1 {[%mdl 64] Double Attack, Zwischenzug} ({Inferior is} 35. fxg5 Rf8 $11) 35... Kd7 36. Nxg5 ({And not} 36. fxg5 Nc6 $11) 36... Nc6 37. Nxh7 {Strongly threatening Nf6+.} Rc8 38. Nf6+ {[%mdl 64] Double Attack} Kd6 {[#]} 39. h7 $1 Ba3 (39... Rh8 40. Ne4+) 40. Be5+ Ke6 41. Rc2 (41. Ng8 $142 Bxc1 42. h8=Q Nxe5 43. Qxe5+ Kd7 44. Qxd5+ {[%mdl 64] Double Attack} Kc7 45. Ne7 {[%mdl 64] Double Attack}) 41... Bd6 {[#]} 42. Rxc6 $1 {[%mdl 64] Promotion.  Weighted Error Value: White=0.41/Black=0.79} 1-0

[Event "Charlotte Spring IM Invitational 2021"]
[Site "Charlotte"]
[Date "2021.03.20"]
[Round "5.1"]
[White "Canty, James"]
[Black "Matros, Alexander"]
[Result "1-0"]
[WhiteElo "2221"]
[BlackElo "2380"]
[Annotator "TA"]
[PlyCount "35"]
[EventDate "2021.03.17"]
[EventType "tourn"]
[EventCountry "USA"]
[SourceTitle "playchess.com"]
[Source "ChessBase"]
[SourceQuality "1"]

{[%evp 14,35,40,39,42,19,73,35,46,31,27,28,31,37,219,215,309,316,793,790,29997,29998,29998,29999]} 1. e4 d6 2. d4 Nf6 3. Nc3 c6 4. a4 e5 5. Nf3 Nbd7 6. Bc4 Be7 7. O-O Qc7 8. Re1 h6 {C41: Philidor Defence.} 9. Nh4 g6 (9... exd4 $11 10. Qxd4 Ne5) 10. f4 {[#]} exf4 $146 {White is slightly better.} ({Predecessor:} 10... Kf8 11. Kh1 Kg7 12. fxe5 dxe5 13. Rf1 Rf8 14. Nf3 Bd6 15. Ba2 a6 16. d5 c5 {½-½ (44) Stavast,D-Knol,W Hoogeveen 2004}) 11. e5 dxe5 12. dxe5 Nxe5 13. Qd4 {[%mdl 64] [#] Double Attack} Nfd7 $2 (13... Nxc4 $14 14. Qxf6 Rf8 15. Bxf4 Qb6+ {[%mdl 64] Double Attack} 16. Kh1 Be6 17. Rxe6 fxe6 18. Qxg6+ Rf7) 14. Bxf4 $18 O-O (14... Qb6 $142 15. Bxe5 O-O 16. Qxb6 Nxb6) 15. Rxe5 ({Not} 15. Nxg6 Bc5 $15) 15... Bxh4 {[#]} (15... Bf6) 16. Rg5 $3 {[%mdl 512]} Qb6 (16... Bxg5 17. Bxc7) 17. Rxg6+ {[%mdl 64] Double Attack, Discovered Attack} Kh7 18. Rxh6+ {[%mdl 64] Double Attack. White took control after the opening.  Weighted Error Value: White=0.06/Black=1.49} 1-0

[Event "Charlotte Spring IM Invitational 2021"]
[Site "Charlotte"]
[Date "2021.03.20"]
[Round "5.3"]
[White "Chasin, Nico"]
[Black "Oberoi, Shelev"]
[Result "0-1"]
[WhiteElo "2293"]
[BlackElo "2199"]
[Annotator "TA"]
[PlyCount "80"]
[EventDate "2021.03.17"]
[EventType "tourn"]
[EventCountry "USA"]
[SourceTitle "playchess.com"]
[Source "ChessBase"]
[SourceQuality "1"]

{[%evp 27,80,93,83,85,100,-3,2,-104,-22,-47,-54,-115,-115,-115,-115,-119,-123,-104,0,0,-15,-447,-447,-452,-451,-451,-445,-445,-445,-446,-445,-462,-445,-456,-440,-476,-476,-476,-476,-476,-458,-476,-483,-532,-533,-29985,-29985,-29990,-29989,-29989,-29990,-29995,-29992,-29992,-29993]} 1. d4 Nf6 2. c4 g6 3. Nc3 Bg7 4. e4 d6 5. Nf3 O-O 6. Be2 e5 7. O-O Nc6 8. d5 Ne7 9. Ne1 Nd7 10. Be3 f5 11. f3 f4 12. Bf2 g5 13. Rc1 h5 14. b4 Nf6 15. c5 {E99: King's Indian: Classical Main Line: 9 Ne1 Nd7 10 f3 f5.} g4 16. Bh4 (16. Nb5 $16) 16... g3 $1 $11 17. h3 {[#]} ({Resist} 17. hxg3 Ng6 $14) (17. cxd6 $11 {keeps the balance.} cxd6 18. hxg3) 17... Bh6 $146 (17... Ng6 $17 18. Bg5 Bxh3 {[%mdl 64] Clearance}) ({Predecessor:} 17... Ng6 18. Bg5 Bxh3 19. Qc2 Bc8 20. Nb5 a6 21. cxd6 axb5 22. Qxc7 Qe8 23. Rc2 Nh7 {0-1 (33) Goudriaan,E (2104)-Ootes,L (2219) Venlo 2009}) 18. c6 b6 19. a4 (19. Bc4 $15) 19... Ng6 $17 20. Bxf6 Rxf6 21. Qd2 Nh4 22. Bd3 Bxh3 23. gxh3 $11 {And now Ng2 would win.} Qc8 24. Qg2 {[%mdl 8192] Loses the game.} Nxg2 $19 25. Kxg2 a6 26. Nc2 h4 27. Ra1 Qb8 28. Ra2 Rf8 29. Rb1 Qa7 30. Na3 b5 {Hoping for ...Qd4.} 31. axb5 Qd4 {[%mdl 64] [#] Double Attack} 32. Bf1 Qxc3 33. bxa6 Qe3 34. b5 Rfb8 35. Nc4 Qc5 36. Rab2 {[#]} Rxb5 $3 {Black mates.} 37. Bd3 (37. Nxe5 Rxb2+) 37... Rxb2+ 38. Rxb2 Rxa6 39. Nxe5 Rb6 40. Rc2 Qd4 {Weighted Error Value: White=0.67/Black=0.15} 0-1

[Event "Charlotte Spring IM Invitational 2021"]
[Site "Charlotte"]
[Date "2021.03.20"]
[Round "5.5"]
[White "Griffith, Kyron"]
[Black "Wang, Tianqi"]
[Result "1/2-1/2"]
[WhiteElo "2372"]
[BlackElo "2305"]
[Annotator "TA"]
[PlyCount "29"]
[EventDate "2021.03.17"]
[EventType "tourn"]
[EventCountry "USA"]
[SourceTitle "playchess.com"]
[Source "ChessBase"]
[SourceQuality "1"]

{[%evp 9,29,0,-4,-36,1,0,0,0,38,0,0,-9,0,-12,-10,-20,-16,-11,-18,-20,-2,-45]} 1. e4 c5 2. Nc3 Nc6 3. Bb5 Nd4 4. Bc4 e6 5. d3 Nf6 6. a4 {B23: Closed Sicilian: Lines without g3.} a6 (6... d5 $5 {[%cal Rd5c4]} 7. Ba2 dxe4 $15) 7. Nf3 d5 8. Ba2 Be7 9. O-O Nc6 {The position is equal.} 10. Bg5 {[#]} Nb4 $146 ({Predecessor:} 10... d4 11. Ne2 h6 12. Bf4 g5 13. Bd2 g4 14. Ne1 h5 15. f4 h4 16. c3 b5 17. cxd4 Nxd4 {½-½ (27) Eschert,U (2323)-Rawlings,A (2368) ICCF email 2016}) 11. Bb1 h6 12. Bd2 Nc6 13. Re1 b6 14. Bf4 Bb7 15. Bg3 {An uneventful encounter.  Weighted Error Value: White=0.11/Black=0.11} 1/2-1/2

[Event "Charlotte Spring IM Invitational 2021"]
[Site "Charlotte"]
[Date "2021.03.20"]
[Round "6.2"]
[White "Adamson, Robby"]
[Black "Griffith, Kyron"]
[Result "1-0"]
[WhiteElo "2235"]
[BlackElo "2372"]
[Annotator "TA"]
[PlyCount "129"]
[EventDate "2021.03.17"]
[EventType "tourn"]
[EventCountry "USA"]
[SourceTitle "playchess.com"]
[Source "ChessBase"]
[SourceQuality "1"]

{[%evp 9,129,12,31,28,54,52,49,46,64,25,27,18,56,0,-9,-8,-14,-10,10,-15,-13,-12,-10,-11,-9,-8,0,-8,-7,-47,-3,-41,0,-16,-6,-6,-7,-10,-9,-21,-25,-32,-31,-50,-47,-70,-24,-97,-70,-97,-72,-39,-42,-90,-60,-138,-108,-115,-105,-89,-91,-119,-21,-160,-152,-171,-160,-343,-22,-19,0,0,0,-15,40,25,104,104,108,99,97,95,147,109,336,339,991,873,2119,2100,2068,2068,2042,1990,29985,4133,5388,1555,1468,1468,1461,1103,5069,4592,2418,2081,5202,1841,29976,29977,29977,29977,29977,29977,29977,29978,29980,29981,29981,29982,29984,29985]} 1. e4 c6 2. d4 d5 3. f3 g6 4. c3 Bg7 5. Na3 dxe4 6. fxe4 {B12: Caro-Kann: Advance Variation.} e5 7. Nf3 {[#]} exd4 $146 ({Predecessor:} 7... Bg4 8. Bc4 Qe7 9. O-O Nf6 10. dxe5 Nfd7 11. Bg5 Qc5+ 12. Qd4 h6 13. Qxc5 Nxc5 {1-0 (22) Stankovic,M (2442)-Matsenko,A (2257) Cheliabinsk 2021}) 8. Bc4 {White is slightly better.} Nf6 9. e5 (9. Nxd4 O-O $15) 9... Nd5 10. cxd4 b5 {[#]} 11. Bd3 (11. Bg5 $1 $14 Qd7 12. Bb3 (12. Bxd5 Qxd5 13. O-O h6 $14)) 11... O-O 12. O-O Bg4 13. Nc2 Na6 14. Qe1 Bxf3 15. Rxf3 {[#]} Ndb4 $1 16. Qc3 ({But not} 16. Nxb4 Qxd4+ 17. Be3 Qxb4 $17) 16... Nxd3 17. Rxd3 Rc8 18. Be3 Nc7 19. Qc5 ({Wrong is} 19. Qxc6 $2 Nd5 $19) 19... Ne6 20. Qa3 Nc7 21. Bf2 Qd7 22. Rad1 Nd5 23. Bg3 Rfd8 24. R3d2 Nb6 25. Rd3 Bf8 26. Qb3 a5 {[%cal Ba7a5,Ba5a4][%mdl 32]} 27. Bh4 Re8 28. Ne1 (28. Ne3 $11 {keeps the balance.}) 28... a4 29. Qc2 Qe6 30. Nf3 {[%cal Be1f3,Bf3d2,Bd2e4,Be4d6][%mdl 32]} h6 31. b3 Nd5 $36 {[%mdl 2048] And now ...Nb4 would win. White is under pressure.} 32. Qf2 (32. Qb1 $15) 32... Nf4 33. Re3 axb3 34. axb3 Ra8 35. Nd2 g5 (35... Nd5 $17 {Strongly threatening ...f5.} 36. Rd3 g5) 36. Bg3 (36. Ne4 $11 {was the only way to keep the balance.} Be7 37. Bg3) 36... Nd5 $17 37. Rf3 Ra2 38. Rf1 $2 (38. Qf1 $17 {was worth a try.}) 38... Re7 $2 (38... Bb4 $19 39. Rd3 Rea8) 39. Qe1 $11 Bg7 40. Ne4 Rea7 41. Nd6 Bf8 (41... Qg6 $11) 42. Nxf7 $14 {Threatens to win with Nd8!} Nf4 (42... Bb4 $11 43. Qb1 Nc3) 43. Bxf4 $16 Rxf7 44. Bg3 Rxf3 45. Rxf3 Qd5 {[#]} ({Black should try} 45... Be7) 46. Bf2 $1 {Qb1 is the strong threat.} Qe6 $2 (46... c5 $16) 47. Qb1 $18 Ra7 $2 (47... Ra8 48. Rf6 Qd7) 48. d5 Qd7 49. Bxa7 Qxa7+ {[%mdl 4096] Endgame KQR-KQB} 50. Kh1 cxd5 51. h3 Qd4 52. e6 (52. Qg6+ $142 Bg7 53. Qf7+ Kh7 54. e6 Qe5 55. e7 g4 56. hxg4 Qe1+ 57. Rf1) 52... Qe4 53. Qxe4 (53. Qf1 $142 Qb4 54. Rf7) 53... dxe4 {KR-KB} 54. Re3 Kg7 55. Rxe4 Be7 56. g4 Kg6 57. Kg2 h5 58. Kf3 (58. gxh5+ $142 Kxh5 59. Re5) 58... hxg4+ 59. hxg4 {White mates.} Kf6 60. Ke2 Bd6 61. Kd3 Bc5 62. Re2 Bd6 63. Kd4 Ke7 64. Kd5 b4 65. Re4 {Quite a comeback for White.  Weighted Error Value: White=0.25/Black=0.58} 1-0

[Event "Charlotte Spring IM Invitational 2021"]
[Site "Charlotte"]
[Date "2021.03.20"]
[Round "6.3"]
[White "Oberoi, Shelev"]
[Black "Wang, Tianqi"]
[Result "0-1"]
[WhiteElo "2199"]
[BlackElo "2305"]
[Annotator "TA"]
[PlyCount "106"]
[EventDate "2021.03.17"]
[EventType "tourn"]
[EventCountry "USA"]
[SourceTitle "playchess.com"]
[Source "ChessBase"]
[SourceQuality "1"]

{[%evp 26,106,-23,-20,16,-37,-18,-21,-16,-30,-23,-19,-14,-58,-51,-48,-50,-99,-62,-80,-76,-80,-79,-87,-95,-93,-82,-155,-155,-187,-191,-189,-183,-182,-185,-201,-205,-205,-198,-307,-316,-313,-277,-327,-320,-447,-446,-446,-439,-427,-418,-698,-661,-820,-819,-796,-786,-717,-683,-806,-770,-12832,-10358,-8180,-6528,-2354,-2013,-29973,-29974,-29981,-29981,-29982,-29983,-29983,-29984,-29984,-29985,-29985,-29986,-29986,-29986,-29986,-29987]} 1. e4 c5 2. c3 Nf6 3. e5 Nd5 4. Nf3 Nc6 5. d4 cxd4 6. Bc4 Nb6 7. Bb3 d5 8. exd6 Qxd6 9. O-O Be6 10. Bxe6 Qxe6 11. Nxd4 Nxd4 12. Qxd4 Rd8 13. Qh4 Qe2 14. Nd2 {has lost popularity (14.Bd2).} e6 {B22: Sicilian: 2 c3.} 15. Ne4 (15. Qg3 $11) 15... Rd1 {[%csl Ge2][%cal Rd1f1] [#]} 16. Ng3 Rxf1+ {The position is equal.} 17. Nxf1 Be7 18. Qg3 O-O $40 {[%mdl 128] [#] Black has some attack.} 19. b3 $146 ({Predecessor:} 19. Bd2 Rd8 20. Re1 Qa6 21. Bh6 Bf6 22. a3 Rd3 23. Ne3 Qb5 24. h3 Na4 25. Bf4 Qxb2 26. Be5 Qd2 27. Rd1 Qxd1+ {0-1 (27) Hedke,F (2345)-Rabiega,R (2455) Cuxhaven 1993}) 19... Rd8 {[#] And now ...Rd1! would win.} 20. Bg5 f6 21. Bh6 {[%csl Gh6][%cal Rg3g7] Black converts the advantage convincingly.} Bf8 22. Be3 Qb2 23. Bxb6 axb6 24. Qc7 Rd6 ({But not} 24... Qxa1 $6 25. Qxd8 Qxc3 26. Qxb6 $11) 25. Re1 Qxa2 26. Qc4 (26. Qxb7 $142 Qxb3 27. Ra1) 26... Rc6 $17 27. Qb5 Qa5 28. Qxa5 bxa5 $19 {[%mdl 4096] Endgame KRB-KRN} 29. c4 Rb6 30. Ra1 Rxb3 {Hoping for ...Ra3.} 31. Rxa5 b6 32. Rb5 (32. Ra1 $142) 32... Rxb5 33. cxb5 {KB-KN} Kf7 34. Ne3 Bc5 35. Nc2 e5 36. Kf1 Ke6 37. Ke2 Kd5 38. Kd3 (38. Na1 $142) 38... Bxf2 39. Nb4+ Kc5 40. Na6+ Kxb5 41. Nc7+ Kb4 42. Ne8 b5 {[%cal Bb6b5,Bb5b4][%mdl 32]} 43. Nxg7 Ka3 44. Ne8 b4 45. Nd6 b3 46. Nc4+ Ka2 {Black mates.} 47. g4 b2 48. Nxb2 Kxb2 {KB-KPP} 49. Ke4 Bh4 50. h3 Kc3 51. Ke3 Kc4 52. Ke4 h6 53. Ke3 Kd5 {Weighted Error Value: White=0.65/Black=0.04} 0-1

[Event "Charlotte Spring IM Invitational 2021"]
[Site "Charlotte"]
[Date "2021.03.20"]
[Round "6.4"]
[White "Vijay, Keerthi K."]
[Black "Canty, James"]
[Result "1-0"]
[WhiteElo "2260"]
[BlackElo "2221"]
[Annotator "NA RC"]
[PlyCount "63"]
[EventDate "2021.03.17"]
[EventType "tourn"]
[EventCountry "USA"]
[SourceTitle "playchess.com"]
[Source "ChessBase"]
[SourceQuality "1"]
[TimeControl "5400+30"]

1. e4 {[%emt 0:05:17]} c5 {[%emt 0:00:00]} 2. Nf3 {[%emt 0:00:10]} Nc6 {[%emt 0:00:00]} 3. b3 {[%emt 0:00:40]} Nf6 {[%emt 0:03:14]} 4. e5 {[%emt 0:00:37]} Nd5 {[%emt 0:00:25]} 5. c4 {[%emt 0:00:31]} Nf4 {[%emt 0:03:06]} 6. g3 {[%emt 0:06:09]} Ng6 {[%emt 0:00:23]} 7. Bb2 {[%emt 0:00:07]} d5 {[%emt 0:03:03]} 8. cxd5 {[%emt 0:07:07]} Qxd5 {[%emt 0:00:16]} 9. Nc3 {[%emt 0:00:02]} Qd8 {[%emt 0:00:42]} 10. Ne4 {[%emt 0:03:32]} Qd5 {[%emt 0:00:20]} 11. Nc3 {[%emt 0:05:59]} Qd8 {[%emt 0:00:02]} 12. Na4 {[%emt 0:01:38]} b6 {[%emt 0:04:27]} 13. Bg2 {[%emt 0:05:28]} Ba6 {[%emt 0:01:16]} 14. d4 {[%emt 0:05:25]} cxd4 {[%emt 0:07:19]} 15. Bxd4 {[%emt 0:00:48]} e6 {[%emt 0:02:18]} 16. a3 {[%emt 0:02:11]} Rc8 {[%emt 0:04:48]} 17. Bb2 {[%emt 0:00:43]} Qc7 {[%emt 0:08:17]} 18. Rc1 {[%emt 0:01:19]} Qb8 {[%emt 0:00:03]} 19. h4 {[%emt 0:20:25]} Be7 {[%emt 0:13:24]} 20. h5 {[%emt 0:00:32]} O-O {[%emt 0:00:08]} 21. hxg6 {[%emt 0:02:36]} Rfd8 {[%emt 0:00:36]} 22. gxf7+ {[%emt 0:01:01]} Kf8 {[%emt 0:00:16]} 23. Nd2 {[%emt 0:13:36]} Nxe5 {[%emt 0:16:32]} 24. Be4 {[%emt 0:00:25]} Bf6 {[%emt 0:05:27]} 25. Rxh7 {[%emt 0:01:21]} Kxf7 {[%emt 0:08:36]} 26. Rxc8 {[%emt 0:00:43]} Rxc8 {[%emt 0:01:30]} 27. Qh5+ {[%emt 0:01:44]} Ke7 {[%emt 0:00:07]} 28. f4 {[%emt 0:00:04]} Qd6 {[%emt 0:06:39]} 29. fxe5 {[%emt 0:00:29]} Rc1+ {[%emt 0:01:30]} 30. Bxc1 {[%emt 0:00:19]} Bxe5 {[%emt 0:00:01]} 31. Qg5+ {[%emt 0:00:21]} Ke8 {[%emt 0:00:52]} 32. Rh8+ {[%emt 0:14:41]} 1-0

[Event "Charlotte Spring IM Invitational 2021"]
[Site "Charlotte"]
[Date "2021.03.20"]
[Round "6.5"]
[White "Chasin, Nico"]
[Black "Andrianov, Nikolai"]
[Result "1/2-1/2"]
[WhiteElo "2293"]
[BlackElo "2365"]
[Annotator "TA"]
[PlyCount "107"]
[EventDate "2021.03.17"]
[EventType "tourn"]
[EventCountry "USA"]
[SourceTitle "playchess.com"]
[Source "ChessBase"]
[SourceQuality "1"]

{[%evp 9,107,0,0,3,3,-10,-3,-31,-15,-33,-27,-20,-25,-23,-8,-16,-20,-33,-33,-126,-110,-102,-88,-175,-168,-177,-118,-135,-127,-172,-168,-184,-165,-175,-162,-173,-164,-172,-162,-161,-164,-171,-166,-165,-186,-177,-182,-215,-212,-206,-206,-228,-221,-218,-200,-307,-297,-376,-372,-377,-365,-344,-223,-218,-211,-240,-238,-202,-183,-357,-357,-357,-357,-385,-356,-381,-354,-359,-333,-310,-174,-174,-40,-40,-40,-40,-40,-40,-40,-40,-40,-40,-8,-31,-8,-8,-8,-40,-40,-40]} 1. d4 d5 2. c4 c6 3. Nf3 Nf6 4. Nc3 a6 5. Bf4 dxc4 6. a4 {D15: Slav Defence: 4 Nc3 a6 and gambit lines after 4 Nc3 dxc4.} Nd5 7. Bg3 e6 {[#]} 8. Qc1 $146 {The position is equal.} ({Predecessor:} 8. e4 Nxc3 9. bxc3 b5 10. Be2 Be7 11. O-O O-O 12. Qc2 Nd7 13. Rfd1 Bb7 14. Qb2 {½-½ (74) Abrahams,D (2162)-Houska,J (2402) Llandudno 2017}) 8... Nd7 9. e4 Nxc3 10. bxc3 b5 11. Be2 Bb7 12. O-O Be7 13. Qb1 Qc8 14. d5 (14. Bd1 $15) 14... cxd5 $17 15. axb5 dxe4 16. bxa6 (16. Ne5 $17) 16... Rxa6 $19 17. Nd2 Rxa1 (17... Bd5 $19 18. Rxa6 Qxa6 19. Nxe4 f5) 18. Qxa1 $17 Bd5 19. Qa2 O-O 20. Bxc4 Qc6 21. Qa6 Qxa6 22. Bxa6 Nc5 23. Bb5 f5 24. Be5 Bf6 25. Bd6 Rc8 ({Much less strong is} 25... Bxc3 26. Bxf8 Kxf8 27. Rd1 $15) 26. Bxc5 Rxc5 {[%mdl 64] [#] Double Attack} 27. c4 Ba8 28. Rb1 Kf7 29. Kf1 Ke7 30. g3 Rc7 31. Nb3 g5 32. Ke2 (32. Rd1 $142) 32... f4 33. Nd2 Ra7 34. c5 Ra2 35. Bc4 Rb2 36. Rxb2 Bxb2 37. gxf4 gxf4 $19 {[%mdl 4096] Endgame KBB-KBN} 38. Bb5 f3+ 39. Kd1 $2 {[#]} (39. Ke3 {was forced.}) 39... Bd5 $1 40. c6 Kd8 41. Ba4 Bd4 42. Bc2 e3 43. fxe3 Bxe3 44. Bxh7 {intending Be4.} f2 (44... Bxc6 $142 {aiming for ...Ba4+.} 45. Nf1 Bb6) 45. Nf1 Bd4 (45... Bf3+ $19 46. Kc2 Bc5) 46. Ke2 $15 Bxc6 {...Bg2 is the strong threat.} 47. Bd3 Bg2 48. h4 $1 Ke7 {Threatens to win with ...Kf6.} 49. h5 $1 Kf6 {And now ...Kg5 would win.} 50. h6 Kg5 51. Ne3 Bh3 52. Kf3 Kxh6 {Hoping for ...Bxe3.} 53. Ng4+ Bxg4+ 54. Kxg4 {Whites escaped into a draw.  Weighted Error Value: White=0.20/Black=0.16} 1/2-1/2

[Event "Charlotte Spring IM Invitational 2021"]
[Site "Charlotte"]
[Date "2021.03.21"]
[Round "7.1"]
[White "Griffith, Kyron"]
[Black "Matros, Alexander"]
[Result "1/2-1/2"]
[WhiteElo "2372"]
[BlackElo "2380"]
[Annotator "ChessBase"]
[PlyCount "50"]
[EventDate "2021.03.17"]
[EventType "tourn"]
[EventCountry "USA"]
[SourceTitle "playchess.com"]
[Source "ChessBase"]
[SourceQuality "1"]
[TimeControl "5400+30"]

1. e4 {[%emt 0:00:00]} c5 {[%emt 0:00:00]} 2. Nf3 {[%emt 0:00:00]} Nc6 {[%emt 0:00:00]} 3. d4 {[%emt 0:00:00]} cxd4 {[%emt 0:00:00]} 4. Nxd4 {[%emt 0:00:00]} e5 {[%emt 0:00:32]} 5. Nb5 {[%emt 0:00:00]} d6 {[%emt 0:00:10]} 6. c4 {[%emt 0:00:00]} Be7 {[%emt 0:00:26]} 7. N1c3 {[%emt 0:00:08]} a6 {[%emt 0:00:08]} 8. Na3 {[%emt 0:00:04]} Nf6 {[%emt 0:01:07]} 9. Be2 {[%emt 0:00:33]} Be6 {[%emt 0:01:10]} 10. Be3 {[%emt 0:01:52]} O-O {[%emt 0:00:58]} 11. O-O {[%emt 0:00:04]} Rc8 {[%emt 0:01:39]} 12. Rc1 {[%emt 0:01:44]} Ne8 {[%emt 0:06:46]} 13. Qd2 {[%emt 0:03:03]} h6 {[%emt 0:01:22]} 14. Rfd1 {[%emt 0:04:52]} Bg5 {[%emt 0:01:09]} 15. Nc2 {[%emt 0:01:05]} Bxe3 {[%emt 0:35:29]} 16. Qxe3 {[%emt 0:02:39]} Qa5 {[%emt 0:01:27]} 17. a3 {[%emt 0:08:13]} Qc5 {[%emt 0:00:24]} 18. Qd2 {[%emt 0:00:04]} Nf6 {[%emt 0:07:51]} 19. b4 {[%emt 0:05:35]} Qb6 {[%emt 0:10:28]} 20. h3 {[%emt 0:27:24]} Rfd8 {[%emt 0:00:41]} 21. Rb1 {[%emt 0:00:24]} Rd7 {[%emt 0:11:41]} 22. Bf1 {[%emt 0:10:34]} Ne7 {[%emt 0:03:05]} 23. Ne3 {[%emt 0:02:01]} Nc6 {[%emt 0:00:02]} 24. Nc2 {[%emt 0:10:25]} Ne7 {[%emt 0:00:21]} 25. Ne3 {[%emt 0:06:45]} Nc6 {[%emt 0:00:20]} 1/2-1/2